Hegel, Schopenhauer, Nietzsche / (Record no. 61973)

MARC details
000 -LEADER
campo de control de longitud fija 00845nam a2200253 i 4500
001 - NÚMERO DE CONTROL
campo de control 61973
003 - IDENTIFICADOR DE NÚMERO DE CONTROL
campo de control ES-MaACL
005 - FECHA Y HORA DE LA ÚLTIMA TRANSACCIÓN
campo de control 20250524180309.0
007 - CAMPO FIJO DE DESCRIPCIÓN FÍSICA--INFORMACIÓN GENERAL
campo de control de longitud fija t|
008 - DATOS DE LONGITUD FIJA--INFORMACIÓN GENERAL
campo de control de longitud fija 031117s1925 sp ||||1| spa d
100 1# - ENTRADA PRINCIPAL--NOMBRE DE PERSONA
Nombre de persona Falkenheim, H.
9 (RLIN) 48752
245 10 - MENCIÓN DEL TÍTULO
Título Hegel, Schopenhauer, Nietzsche /
Mención de responsabilidad, etc. por H. Falkenheim, R. Lehmann y A. Pfèander.
260 ## - PUBLICACIÓN, DISTRIBUCIÓN, ETC.
Lugar de publicación, distribución, etc. Madrid :
Nombre del editor, distribuidor, etc. Revista de Occidente,
Fecha de publicación, distribución, etc. 1925 (
Fabricante Calpe)
300 ## - DESCRIPCIÓN FÍSICA
Extensión 126 p. ;
Dimensiones 23 cm.
490 1# - MENCIÓN DE SERIE
Mención de serie Los grandes pensadores ;
Designación de volumen o secuencia 6
600 14 - PUNTO DE ACCESO ADICIONAL DE MATERIA--NOMBRE DE PERSONA
Nombre de persona Hegel, Georg Wilhelm Friedrich.
9 (RLIN) 62316
600 14 - PUNTO DE ACCESO ADICIONAL DE MATERIA--NOMBRE DE PERSONA
Nombre de persona Schopenhauer, Arthur,
Fechas asociadas al nombre 1788-1860
9 (RLIN) 240710
600 14 - PUNTO DE ACCESO ADICIONAL DE MATERIA--NOMBRE DE PERSONA
Nombre de persona Nietzsche, Friedrich,
Fechas asociadas al nombre 1844-1900
9 (RLIN) 85718
700 1# - ENTRADA AGREGADA--NOMBRE PERSONAL
Nombre de persona Lehmann, R.
9 (RLIN) 71340
700 1# - ENTRADA AGREGADA--NOMBRE PERSONAL
Nombre de persona Pfänder, Alexander.
9 (RLIN) 182824
830 1# - PUNTO DE ACCESO ADICIONAL DE SERIE-TÍTULO UNIFORME
Título uniforme Los grandes pensadores ;
Designación de volumen o secuencia 6
9 (RLIN) 182825
852 ## - LOCALIZACIÓN
Ubicación ES-MaACL
Número de control de estantería C-6652
Holdings
Estatus retirado Estado de pérdida Estado de daño No para préstamo Biblioteca de origen Biblioteca actual Ubicación en estantería Fecha de adquisición Fuente de adquisición Total de préstamos Signatura topográfica completa Código de barras Visto por última vez Precio de reemplazo Tipo de ítem Koha
        Biblioteca del Ateneo de Madrid Biblioteca del Ateneo de Madrid Sala Palomar 17/01/2008     C-6652 1064978 23/02/2023 23/02/2023 Libro impreso